| 000 | 00564nam a2200193Ia 4500 | ||
|---|---|---|---|
| 005 | 20250508162715.0 | ||
| 008 | 008 250505s9999 xx 000 0 hin d | ||
| 037 | _aTextual | ||
| 040 |
_aFEDL _beng _cFEDL |
||
| 041 |
_ahin _2hin |
||
| 084 |
_aB, SAH _qFEDL |
||
| 100 |
_aRay Kamlesh _9773874 |
||
| 245 | 0 | _aMeghnad Saha ka jeewan aur karya | |
| 245 | 0 | _cNCERT (New Delhi India) | |
| 260 |
_aNew Delhi, India _bNational Council of Educational Research and Training _c1973 |
||
| 300 | _a56p | ||
| 942 |
_cTEXL _hB, SAH |
||
| 999 |
_c1378194 _d1378194 |
||